[Event "Rentrée CEH 2018 (Open)"]
[Site "Gatineau"]
[Date "2018.10.09"]
[Round "5"]
[White "Akrib Fouad"]
[Black "Arsenault Michel"]
[Result "1-0"]
[BlackElo "1875"]
[EventCountry "CAN"]
[EventDate "2018.10.09"]
[EventRounds "1"]
[EventType "tourn"]
[SourceTitle "Opening Tree 2017.ctg"]
[WhiteElo "1901"]

1.e4 c5 2.Nf3 d6 3.g3 e6 4.Bg2 Nc6 5.O-O Nf6 6.d3 Be7 7.c3 O-O 8.a3 Rb8 9.b4
c4 10.Re1 cxd3 11.Qxd3 Nd7 12.Bf4 Qc7 13.Nbd2 Rd8 14.c4 Nde5 15.Qe2 Bf6
16.Rac1 Ng6 17.Be3 Bb2 18.Rb1 Bxa3 19.Nd4 Nxd4 20.Bxd4 a5 21.Qe3 Bxb4 22.Bb6
Qd7 23.Bxd8 Qxd8 24.Red1 Qc7 25.Nb3 b6 26.Bf1 Bd7 27.Nd4 Bc5 28.Qb3 Ne5
29.Nb5 Bxb5 30.cxb5 Qe7 31.Bg2 Ra8 32.Ra1 Qf6 33.Ra2 h5 34.Kh1 Rf8 35.h3 Ng6
36.h4 Ne5 37.f4 Ng4 38.Re1 Qd4 39.Bf3 Nf2+ 40.Kg2 g6 41.Qc2 Qd3 42.Qa4 Ng4
43.Rae2 Bb4 44.Ra1 Ne3+ 45.Kh3 Nc4 46.Rf1 Nd2 47.Qd1 Rc8 48.Rff2 Rc2 49.f5
exf5 50.exf5 Ne4 51.Qxd3 Nxf2+ 52.Rxf2 Rxf2 53.fxg6 1-0

[Event "Rentrée CEH 2018 (Open)"]
[Site "Gatineau"]
[Date "2018.10.09"]
[Round "5"]
[White "Bastien Andre"]
[Black "Latreille Etienne"]
[Result "1-0"]
[BlackElo "1480"]
[EventCountry "CAN"]
[EventDate "2018.10.09"]
[EventRounds "1"]
[EventType "tourn"]
[SourceTitle "Opening Tree 2017.ctg"]
[WhiteElo "1857"]

1.d4 d5 2.Nf3 Bf5 3.g3 e6 4.Bg2 Nf6 5.O-O Be7 6.c4 c6 7.c5 O-O 8.Bf4 Nbd7
9.Nc3 h6 10.h4 Re8 11.b4 b5 12.a4 a6 13.Qb3 Nh5 14.Bd2 Qc7 15.Nh2 Ndf6
16.axb5 axb5 17.Ra2 e5 18.dxe5 Qxe5 19.Nf3 Qc7 20.Nd4 Be4 21.Nxe4 Nxe4
22.Bxe4 dxe4 23.Rfa1 Rxa2 24.Rxa2 Rd8 25.Nf5 Qe5 26.g4 Nf6 27.Bc3 Qe6 $2
{ Évidemment, le meilleur coup aurait été Dc7 mais avec mon horloge qui
affichait moins d'une minute, j'ai joué sans réfléchir.... (E.T.) } 28.Qxe6
fxe6 29.Nxe7+ Kf7 30.Bxf6 Kxf6 31.Nxc6 1-0

[Event "Rentrée CEH 2018 (Open)"]
[Site "Gatineau"]
[Date "2018.10.09"]
[Round "5"]
[White "Danilov Alex"]
[Black "Laurin Marcel"]
[Result "0-1"]
[BlackElo "1612"]
[EventCountry "CAN"]
[EventDate "2018.10.09"]
[EventRounds "1"]
[EventType "tourn"]
[SourceTitle "Opening Tree 2017.ctg"]
[WhiteElo "1663"]

1.Nf3 Nc6 2.c4 e5 3.Nc3 Nf6 4.g3 Be7 5.Bg2 d6 6.e3 h6 7.d4 exd4 8.exd4 Bd7
9.O-O Qc8 10.Re1 Bg4 11.Nd5 Kf8 12.Nxe7 Nxe7 13.Qb3 Rb8 14.c5 Be6 15.Qa3 dxc5
16.Qxc5 b6 17.Qa3 Nd5 18.Ne5 Kg8 19.Bd2 f6 20.Bxd5 Bxd5 21.Nd3 Ng6 22.Nf4
Nxf4 23.gxf4 h5 24.Qg3 h4 0-1

[Event "Rentrée CEH 2018 (Open)"]
[Site "Gatineau"]
[Date "2018.10.09"]
[Round "5"]
[White "Jobin Gilles G."]
[Black "Laurin Jacques"]
[Result "1-0"]
[BlackElo "1844"]
[EventCountry "CAN"]
[EventDate "2018.10.09"]
[EventRounds "1"]
[EventType "tourn"]
[SourceTitle "Opening Tree 2017.ctg"]
[WhiteElo "1843"]

1.e4 d6 2.d4 Nf6 3.Nc3 c6 4.f4 e5 5.dxe5 dxe5 6.Qxd8+ Kxd8 7.fxe5 Ng4 8.Nf3
Bb4 9.h3 Bxc3+ 10.bxc3 Nh6 11.Bg5+ Kc7 12.Bc4 Be6 13.Bxe6 fxe6 14.Nd4 Re8
15.O-O Nd7 16.Bxh6 gxh6 17.Rf7 b6 18.Rxh7 c5 19.Nf3 Kc6 20.Rd1 Rad8 21.Rd6+
Kc7 22.Kf2 Kc8 23.Rxh6 1-0

[Event "Rentrée CEH 2018 (Open)"]
[Site "Gatineau"]
[Date "2018.10.09"]
[Round "5"]
[White "Raymond Daniel"]
[Black "Lavergne Daniel"]
[Result "1-0"]
[BlackElo "1637"]
[EventCountry "CAN"]
[EventDate "2018.10.09"]
[EventRounds "1"]
[EventType "tourn"]
[SourceTitle "Opening Tree 2017.ctg"]
[WhiteElo "1781"]

1.e4 { Commentaires de Daniel Raymond. } 1...c5 2.Nf3 d6 3.d4 cxd4 4.Nxd4 Nf6
5.Nc3 g6 6.Be2 Bg7 7.O-O O-O 8.Bg5 Nc6 9.Nb3 h6
{ Les noirs se créent une petite faiblesse du côté de l'aile roi. } 10.Be3
Be6 11.f4 Na5 { Avec ce coup, les noirs oublient le contrôle de la case e5. }
12.f5 { Les blancs profitent de la situation pour pousser f5. } 12...Bd7
13.Qd2
{ e5 ouvrait le jeu pour les blancs, mais il fallait faire preuve de
prudence. 13. e5 dxe5 14. fxg6 fxg6 15. Txf6 Fxf6 16. Dd5 Rh8 17. Dxa5 Dxa5
18. Cxa5 b6 } 13...Kh7 14.Rad1 gxf5 15.exf5 Nxb3 16.axb3 Qa5 17.Qd3 Bc6
18.Bf3 Bxf3 19.Rxf3 Kg8 20.Bd4
{ Ici, les blancs comprennent bien l'enjeu: protéger leur cavalier et
mettre de la pression sur le fou en g7. } 20...Ng4 $2
{ L'erreur qui permet aux blancs de gagner une pièce. } 21.Bxg7 Kxg7 22.Rg3
1-0

[Event "Rentrée CEH 2018 (Open)"]
[Site "Gatineau"]
[Date "2018.10.09"]
[Round "5"]
[White "Rioux Jocelyn"]
[Black "Masse-Garneau Anthony"]
[Result "1/2-1/2"]
[BlackElo "1577"]
[EventCountry "CAN"]
[EventDate "2018.10.09"]
[EventRounds "1"]
[EventType "tourn"]
[SourceTitle "Opening Tree 2017.ctg"]
[WhiteElo "1639"]

1.e4 e5 2.Nf3 Nc6 3.Bc4 Bc5 4.O-O Nf6 5.d3 h6 6.Re1 d6 7.h3 Be6 8.Bb5 Bd7
9.Be3 Bxe3 10.fxe3 Qe7 11.Nc3 O-O-O 12.a4 a6 13.Bc4 Nb4 14.Nd5 Nbxd5 15.exd5
e4 16.dxe4 Qxe4 17.Qd4 Qxd4 18.exd4 Rde8 19.a5 Bf5 20.Bb3 Be4 21.c4 Bxf3
22.gxf3 Rxe1+ 23.Rxe1 Re8 24.Rxe8+ Nxe8 25.Ba4 Nf6 26.Bc2 g6 27.Be4 Nh5 28.c5
Nf4 29.Kh2 Ne2 30.c6 Nxd4 31.Kg3 bxc6 32.dxc6 Kb8 33.h4 g5 34.hxg5 hxg5
35.Kg4 f5+ 36.Bxf5 Nxc6 37.Kxg5 Nd4 38.Be4 Kc8 39.Kg4 c5 40.Bd3 Kb7 41.Bc4
Nc6 42.Bd5 Kc7 43.Bxc6 Kxc6 44.f4 d5 45.f5 Kd7 46.Kf4 Kd6 47.b3 Ke7 48.Ke5 d4
49.Ke4 Kf6 50.b4 cxb4 51.Kxd4 Kxf5 52.Kc4 Ke6 53.Kxb4 Kd6 54.Kc4 1/2-1/2

[Event "Rentrée CEH 2018 (Open)"]
[Site "Gatineau"]
[Date "2018.10.09"]
[Round "5"]
[White "Thibault Mario"]
[Black "Azar Sebastien"]
[Result "1/2-1/2"]
[BlackElo "1659"]
[EventCountry "CAN"]
[EventDate "2018.10.09"]
[EventRounds "1"]
[EventType "tourn"]
[SourceTitle "Opening Tree 2017.ctg"]
[WhiteElo "1841"]

1.e4 d6 2.d4 g6 3.Nf3 Bg7 4.Nc3 Nc6 5.h3 e5 6.Bb5 Bd7 7.dxe5 Nxe5 8.O-O Bxb5
9.Nxb5 Qd7 10.a4 a6 11.Nc3 Ne7 12.Bf4 Nxf3+ 13.Qxf3 O-O 14.Rfd1 Rad8 15.Rd3
Nc6 16.Nd5 f5 17.e5 Nxe5 18.Bxe5 Bxe5 19.c3 Kh8 20.Qd1 f4 21.Rf3 Rb8 22.Qd2
g5 ( 22...a5 23.Qd3 Rf7 24.Re1 Rg8 25.Rxe5 dxe5 26.Qe4 Qe6 27.Nb4 ) 23.Qd3
Rf7 24.Re1 Rg8 25.Rxe5 dxe5 26.Qe4 Qe6 27.Nb4 c6 28.Nc2 Re7 29.Ne1 g4 30.hxg4
Qxg4 31.Qb4 Rd7 32.Qe4 Qg5 33.Rh3 Qg7 34.Qe2 Rgd8 35.Nd3 Re7 36.Qh5 Rf8
37.Rh4 f3 38.g3 e4 39.Nf4 Rf6 40.Qa5 Re8 $2 $10 ( 40...Rd6 $19 ) 41.Nh5 e3
42.Nxg7 e2 43.Rxh7+ Kg8 $4 ( 43...Kxh7 $10 44.Qh5+ Kxg7 45.Qxe8 Rd6 $10 )
44.Rh8+ $2 ( 44.Nxe8 e1=Q+ 45.Kh2 Qxe8 46.Rh4 $18 ) 44...Kxh8 45.Qh5+ Kxg7
46.Qxe8 Rd6 $3 47.Kh2 Rh6+ 48.Kg1 Rd6 49.Kh2 Rh6+ 1/2-1/2

[Event "Rentrée CEH 2018 (Open)"]
[Site "Gatineau"]
[Date "2018.10.02"]
[Round "4"]
[White "Azar Sebastien"]
[Black "Danilov Alex"]
[Result "1-0"]
[BlackElo "1663"]
[EventCountry "CAN"]
[EventDate "2018.10.02"]
[EventRounds "1"]
[EventType "tourn"]
[SourceTitle "Opening Tree 2017.ctg"]
[WhiteElo "1659"]

1.e4 c5 2.Nf3 e6 3.Nc3 Nc6 4.d4 cxd4 5.Nxd4 Qc7 6.Ndb5 Qb8 7.g3 a6 8.Nd4 Nf6
9.f4 Bc5 10.Be3 Qd6 11.e5 Nxe5 12.fxe5 Qxe5 13.Kf2 h5 14.h3 g5 15.Rg1 h4
16.g4 b5 17.Be2 Bb7 18.Bf3 d5 19.Qd2 b4 20.Nce2 Ne4+ 21.Bxe4 dxe4 22.Bxg5
Qh2+ 23.Ke1 e5 24.Rf1 Bxd4 ( 24...exd4 25.Bf6 e3 26.Qd3 Bg2 27.Bxh8 Bxf1
28.Qe4+ Kd7 29.Qd5+ Bd6 30.Qxf7+ Kc6 31.Qf3+ Kd7 32.Qf5+ Kc6 33.Qe4+ Kb6
34.Bxd4+ Kc7 35.Qh7+ Kc6 36.Qe4+ Kc7 37.Qh7+ ) 25.Qxb4 { 1-0 } 1-0

[Event "Rentrée CEH 2018 (Open)"]
[Site "Gatineau"]
[Date "2018.10.02"]
[Round "4"]
[White "Desjardins Michel"]
[Black "Rioux Jocelyn"]
[Result "1-0"]
[BlackElo "1639"]
[EventCountry "CAN"]
[EventDate "2018.10.02"]
[EventRounds "1"]
[EventType "tourn"]
[SourceTitle "Opening Tree 2017.ctg"]
[WhiteElo "1974"]

1.e4 e6 2.d4 d5 3.e5 c5 4.c3 Nc6 5.Nf3 Qb6 6.a3 Nge7 7.b4 cxd4 8.cxd4 Nf5
9.Be3 Bd7 10.Bd3 Nfxd4 11.Nxd4 Nxe5 12.Be2 Nc4 13.Bxc4 dxc4 14.O-O Qd6 15.Nc3
Be7 16.Qf3 Rb8 17.Ndb5 Qc6 18.Qxc6 Bxc6 19.Nxa7 Bd7 20.Ncb5 O-O 21.Rac1 Bxb5
22.Nxb5 Rbc8 23.Rfd1 Bf6 24.Nd6 Rc6 25.Nxc4 b5 26.Nd6 Rxc1 27.Rxc1 Bb2 28.Rc8
Bxa3 29.Rxf8+ Kxf8 30.Bc5 Bb2 31.Nc4+ Ke8 32.Nxb2 Kd7 33.Nd1 Kc6 34.Nc3 f6
35.Kf1 e5 36.Ke2 f5 37.Ke3 g6 38.f4 exf4+ 39.Kxf4 1-0

[Event "Rentrée CEH 2018 (Open)"]
[Site "Gatineau"]
[Date "2018.10.02"]
[Round "4"]
[White "Gagnon Fabien"]
[Black "Raymond Daniel"]
[Result "1-0"]
[BlackElo "1781"]
[EventCountry "CAN"]
[EventDate "2018.10.02"]
[EventRounds "1"]
[EventType "tourn"]
[SourceTitle "Opening Tree 2017.ctg"]
[WhiteElo "1880"]

1.d4 d5 2.Nf3 e6 3.g3 c5 4.Bg2 Nc6 5.O-O cxd4 6.Nxd4 Nf6 7.c4 e5 8.Nxc6 bxc6
9.Nc3 e4 10.Bg5 Be7 11.cxd5 cxd5 12.Bxf6 Bxf6 13.Qxd5 Be6 14.Qc6+ Bd7
15.Qxe4+ 1-0

[Event "Rentrée CEH 2018 (Open)"]
[Site "Gatineau"]
[Date "2018.10.02"]
[Round "4"]
[White "Lemieux Richard"]
[Black "Lafontaine Claude"]
[Result "0-1"]
[BlackElo "1655"]
[EventCountry "CAN"]
[EventDate "2018.10.02"]
[EventRounds "1"]
[EventType "tourn"]
[SourceTitle "Opening Tree 2017.ctg"]
[WhiteElo "1621"]

1.e4 c5 2.Nf3 Nc6 3.d4 cxd4 4.Nxd4 e6 5.Nc3 Nf6 6.Bg5 Be7 7.Be2 Qa5 8.Nxc6
bxc6 9.Bd2 Qb6 10.Rb1 Bb7 11.Be3 Qc7 12.a3 a5 13.O-O O-O 14.f3 Rfe8 15.Na4 d5
16.Bb6 Qe5 17.Bd4 Qc7 18.Nb6 Rad8 19.e5 Nd7 20.Nxd7 Rxd7 21.f4 c5 22.Bf2 f6
23.Bg4 f5 24.Bh5 g6 25.Be2 d4 26.Qd3 Be4 27.Qb3 Bd5 28.Qg3 Bf8 29.Bh5 Rg7
30.Bf3 Qc6 31.Bxd5 Qxd5 32.h4 h6 33.Rbd1 g5 34.hxg5 hxg5 35.fxg5 Be7 36.Be3
Qe4 37.Bf4 Qe2 38.Qb3 Bxg5 39.Bxg5 Rxg5 40.Rd2 Rxg2+ 41.Kh1 0-1

[Event "Rentrée CEH 2018 (Open)"]
[Site "Gatineau"]
[Date "2018.10.02"]
[Round "4"]
[White "Lavergne Daniel"]
[Black "Villeneuve Luc"]
[Result "1-0"]
[BlackElo "1513"]
[EventCountry "CAN"]
[EventDate "2018.10.02"]
[EventRounds "1"]
[EventType "tourn"]
[SourceTitle "Opening Tree 2017.ctg"]
[WhiteElo "1637"]

1.e4 Nc6 2.Nf3 e5 3.Bb5 a6 4.Bxc6 dxc6 5.O-O f6 6.d4 exd4 7.Qxd4 Bd7 8.Nc3 c5
9.Qd3 Bd6 10.Be3 Ne7 11.Rad1 Be6 12.Nd2 b5 13.a4 c4 14.Qe2 b4 15.Ncb1 Qd7
16.Nxc4 Bxc4 17.Qxc4 Qxa4 18.Nd2 Qa5 19.f4 Qh5 20.Nf3 Rb8 21.e5 fxe5 22.fxe5
Nf5 23.exd6 cxd6 24.Qe6+ Ne7 25.Rxd6 Qb5 26.Nd4 Qxf1+ 27.Kxf1 Rf8+ 28.Kg1 Rb7
29.Nc6 Rf1+ 30.Kxf1 Kf8 31.Rd8# 1-0

[Event "Rentrée CEH 2018 (Open)"]
[Site "Gatineau"]
[Date "2018.09.25"]
[Round "3"]
[White "Azar Sebastien"]
[Black "Akrib Fouad"]
[Result "0-1"]
[BlackElo "1901"]
[EventCountry "CAN"]
[EventDate "2018.09.25"]
[EventRounds "1"]
[EventType "tourn"]
[SourceTitle "Opening Tree 2017.ctg"]
[WhiteElo "1659"]

1.e4 c5 2.Nf3 d6 3.Nc3 a6 4.a4 e5 5.Bc4 Be7 6.d3 h6 7.h3 Nf6 8.Be3 Nc6 9.Nd5
Nxd5 10.Bxd5 Qb6 11.Bxc6+ Qxc6 12.c4 f5 13.Qc2 O-O 14.b3 Bd7 15.O-O-O f4
16.Bd2 b5 17.axb5 axb5 18.cxb5 Qc8 19.Kb2 Bxb5 20.Ra1 Qb7 21.h4 Rfb8 22.Rxa8
Rxa8 23.b4 Qa6 24.bxc5 Qa3+ 0-1

[Event "Rentrée CEH 2018 (Open)"]
[Site "Gatineau"]
[Date "2018.09.25"]
[Round "3"]
[White "Desjardins Michel"]
[Black "Thibault Mario"]
[Result "0-1"]
[BlackElo "1841"]
[EventCountry "CAN"]
[EventDate "2018.09.25"]
[EventRounds "1"]
[EventType "tourn"]
[SourceTitle "Opening Tree 2017.ctg"]
[WhiteElo "1974"]

1.e4 c5 2.c3 g6 3.d4 cxd4 4.cxd4 d5 5.e5 Bg7 6.Nf3 Bg4 7.Bb5+ Nc6 8.O-O Bxf3
9.Qxf3 e6 10.Bxc6+ bxc6 11.Na3 Qb6 12.Qc3 Ne7 13.Be3 O-O 14.Rac1 Nf5 15.b3
Rfc8 16.Rc2 Bf8 17.Nb1 Rc7 18.Rfc1 Rac8 19.Qd3 Nxe3 20.Qxe3 c5 21.dxc5 Bxc5
22.Qe2 Bxf2+ 23.Kf1 Rxc2 24.Rxc2 Rxc2 25.Qxc2 Bd4 0-1

[Event "Rentrée CEH 2018 (Open)"]
[Site "Gatineau"]
[Date "2018.09.25"]
[Round "3"]
[White "Danilov Alex"]
[Black "Bastien Andre"]
[Result "1-0"]
[BlackElo "1857"]
[EventCountry "CAN"]
[EventDate "2018.09.25"]
[EventRounds "1"]
[EventType "tourn"]
[SourceTitle "Opening Tree 2017.ctg"]
[WhiteElo "1663"]

1.Nf3 Nf6 2.c4 e6 3.Nc3 d5 4.e3 c6 5.b3 Bd6 6.Bb2 O-O 7.Qc2 Nbd7 8.Rg1 e5
9.g4 e4 10.Nd4 c5 11.Nf5 Ne5 12.Be2 Nfxg4 13.Nxd6 Qxd6 14.Nb5 Qf6 15.O-O-O
Nd3+ 16.Bxd3 exd3 17.Qxd3 d4 18.exd4 Nxf2 19.Qg3 Nxd1 20.Kxd1 Qg6 21.Nc7 Qxg3
22.Rxg3 Rb8 23.d5 f6 24.d6 Bd7 25.Nd5 Kf7 26.d4 b5 27.dxc5 bxc4 28.Nc7 cxb3
29.axb3 Rb4 30.Re3 Kg6 31.Re7 Rf7 32.Nd5 Rxb3 33.Nf4+ Kf5 34.Rxf7 Ba4 35.Rxa7
Bc6 36.Kc2 Rf3 37.Nd3 Be4 38.Ra3 Ke6 39.Kd2 g5 40.Ke2 Rf5 41.Ra7 Bxd3+
42.Kxd3 Rxc5 43.Ba3 Rd5+ 44.Ke3 h5 45.Re7+ Kf5 46.Re4 Ra5 47.Bb4 Ra1 48.d7
1-0

[Event "Rentrée CEH 2018 (Open)"]
[Site "Gatineau"]
[Date "2018.09.25"]
[Round "3"]
[White "Raymond Daniel"]
[Black "Jobin Gilles G."]
[Result "1-0"]
[BlackElo "1843"]
[EventCountry "CAN"]
[EventDate "2018.09.25"]
[EventRounds "1"]
[EventType "tourn"]
[SourceTitle "Opening Tree 2017.ctg"]
[WhiteElo "1781"]

1.e4 d6 2.d4 Nf6 3.Nc3 Nbd7 4.f4 e5 5.Nf3 Qe7 6.dxe5 dxe5 7.f5 Nb6 8.Bg5 h6
9.Bh4 Qc5 10.Bf2 Qe7 11.Be2 Bd7 12.Bg3 Bc6 13.Bd3 O-O-O 14.Qe2 Nbd7 15.O-O
Qe8 16.Bb5 Bc5+ 17.Kh1 Bxb5 18.Qxb5 a6 19.Qe2 Nh7 20.Qc4 f6 21.b4 Bd6 22.Nd5
Kb8 23.Rfd1 c6 24.Nc3 Qe7 25.Bf2 Bc7 26.a4 Bb6 27.Bg3 Ng5 28.Rd3 Nxf3 29.Rxf3
Bd4 $4
{ J'étais en énorme pression de temps. Je jouais sous la minute et demie
depuis une dizaine de coups... Ce qui devait arriver arriva ! (GGJ) } 30.Qxd4
Ka8 31.Qe3 Qxb4 32.Bf2 c5 33.Rb1 Qa5 34.Bg1 Rc8 35.Qd3 Nb6 36.Qd6 Rc6 37.Qe7
Rhc8 38.Nd5 1-0

[Event "Rentrée CEH 2018 (Open)"]
[Site "Gatineau"]
[Date "2018.09.25"]
[Round "3"]
[White "Laurin Jacques"]
[Black "Lavergne Daniel"]
[Result "1-0"]
[BlackElo "1637"]
[EventCountry "CAN"]
[EventDate "2018.09.25"]
[EventRounds "1"]
[EventType "tourn"]
[SourceTitle "Opening Tree 2017.ctg"]
[WhiteElo "1844"]

1.c4 e5 2.Nc3 Nf6 3.g3 Bb4 4.Bg2 Bxc3 5.bxc3 d5 6.cxd5 Nxd5 7.Ba3 Nc6 8.c4
Nb6 9.Bxc6+ bxc6 10.Qc2 Be6 11.d3 h5 12.Nf3 f6 13.c5 Nd5 14.d4 exd4 15.Nxd4
Qd7 16.Rd1 O-O-O 17.Qd3 Kb8 18.Qa6 Ne7 19.Rb1+ Ka8 20.Qb7# 1-0

[Event "Rentrée CEH 2018 (Open)"]
[Site "Gatineau"]
[Date "2018.09.25"]
[Round "3"]
[White "Rioux Jocelyn"]
[Black "Laurin Marcel"]
[Result "1-0"]
[BlackElo "1612"]
[EventCountry "CAN"]
[EventDate "2018.09.25"]
[EventRounds "1"]
[EventType "tourn"]
[SourceTitle "Opening Tree 2017.ctg"]
[WhiteElo "1639"]

1.e4 b6 2.d4 Bb7 3.Nc3 e6 4.f4 Bb4 5.Bd3 Nf6 6.Qe2 Nc6 7.Nf3 O-O 8.Bd2 d6
9.e5 dxe5 10.dxe5 Bxc3 11.Bxc3 Nd5 12.Qe4 g6 13.Bd2 Nde7 14.O-O-O Nf5 15.Qe1
Qd5 16.Kb1 a5 17.Bxf5 Nb4 18.Bxb4 Qxa2+ 19.Kxa2 axb4+ 20.Kb1 Ra4 21.b3 Ra3
22.Qxb4 Rfa8 23.Kc1 gxf5 24.Rd8+ Kg7 25.Qf8+ Kg6 26.Qg8+ 1-0

[Event "Rentrée CEH 2018 (Open)"]
[Site "Gatineau"]
[Date "2018.09.18"]
[Round "2"]
[White "Rioux Jocelyn"]
[Black "Arsenault Michel"]
[Result "0-1"]
[BlackElo "1875"]
[EventCountry "CAN"]
[EventDate "2018.09.18"]
[EventRounds "1"]
[EventType "tourn"]
[SourceTitle "Opening Tree 2017.ctg"]
[WhiteElo "1639"]

1.e4 c5 2.Nf3 d6 3.d4 cxd4 4.Nxd4 Nf6 5.Nc3 e6 6.Bg5 Be7 7.Qd2 a6 8.Bd3 Qc7
9.O-O-O Nbd7 10.f4 b5 11.Bxb5 axb5 12.Ndxb5 Qb8 13.Nxd6+ Qxd6 14.Qxd6 Bxd6
15.Rxd6 O-O 16.Bxf6 Nxf6 17.Rhd1 Bb7 18.R6d4 h5 19.g3 Rfe8 20.e5 Nd5 21.Nxd5
Bxd5 22.a3 Rec8 23.Kb1 Rc5 24.Rc1 Rac8 25.b4 Rc4 26.Rxc4 Rxc4 27.Kb2 Kh7
28.Kb3 Kg6 29.a4 Kf5 30.c3 f6 31.exf6 gxf6 32.a5 e5 33.fxe5 fxe5 34.Ka4 Bc6+
35.Kb3 Bb5 36.Rf1+ Ke6 37.Rf8 Rc6 38.Rh8 Be2 39.Rh6+ Kd5 40.Rxc6 Kxc6 41.Kc2
Kd5 42.Kd2 Bb5 43.Ke3 Bf1 44.Kf2 Bb5 45.Ke3 Bf1 46.Kf2 Ba6 47.h3 Ke4 48.h4
Bb5 49.g4 hxg4 50.h5 Kf5 51.h6 Kg6 52.Kg3 Kxh6 53.Kxg4 Kg6 54.Kf3 Kf5 55.Ke3
Ba6 56.Kf3 e4+ 57.Ke3 Ke5 58.Kd2 Kf4 59.Ke1 Ke3 60.Kd1 Kf2 61.Kc2 e3 62.Kb3
e2 63.c4 e1=Q 64.b5 Qb1+ 65.Ka4 Bb7 66.a6 Qa2+ 67.Kb4 Bxa6 68.bxa6 Qxa6 69.c5
Ke3 70.Kc3 Qb5 0-1

[Event "Rentrée CEH 2018 (Open)"]
[Site "Gatineau"]
[Date "2018.09.18"]
[Round "2"]
[White "Laurin Marcel"]
[Black "Thibault Mario"]
[Result "1/2-1/2"]
[BlackElo "1841"]
[EventCountry "CAN"]
[EventDate "2018.09.18"]
[EventRounds "1"]
[EventType "tourn"]
[SourceTitle "Opening Tree 2017.ctg"]
[WhiteElo "1612"]

1.d4 Nf6 2.Nf3 e6 3.Bf4 b6 4.e3 Bb7 5.Bd3 c5 6.Nbd2 Nc6 7.c3 Be7 8.dxc5 Bxc5
9.Nc4 d5 10.Nce5 O-O 11.Ng5 Nxe5 12.Bxe5 Ne4 13.h4 Qe7 14.Qh5 h6 15.f3 f6
16.fxe4 Qe8 17.Qg4 hxg5 18.hxg5 fxe5 19.Ke2 dxe4 20.Bxe4 Ba6+ 21.Ke1 g6
22.Bxa8 Bxe3 23.Bf3 Kg7 24.Rd1 Bb5 25.a4 Bc6 26.Qh3 Bxg5 27.Qh7+ Kf6 28.Bxc6
Qxc6 29.Rd7 Qe4+ 30.Kd1 Qb1+ 31.Ke2 Qe4+ 1/2-1/2

[Event "Rentrée CEH 2018 (Open)"]
[Site "Gatineau"]
[Date "2018.09.18"]
[Round "2"]
[White "Villeneuve Luc"]
[Black "Azar Sebastien"]
[Result "0-1"]
[BlackElo "1659"]
[EventCountry "CAN"]
[EventDate "2018.09.18"]
[EventRounds "1"]
[EventType "tourn"]
[SourceTitle "Opening Tree 2017.ctg"]
[WhiteElo "1513"]

1.f4 d5 2.Nf3 g6 3.Nc3 c5 4.e4 e6 5.Bb5+ Bd7 6.Bxd7+ Qxd7 7.Ne5 Qd8 8.exd5
exd5 9.Qe2 Ne7 10.f5 Bg7 11.fxg6 hxg6 12.O-O Qd6 13.d4 cxd4 14.Bf4 dxc3
15.Nxf7 Bd4+ 16.Kh1 Qd7 17.Nd6+ Kd8 18.Nf7+ Kc8 19.bxc3 Bxc3 20.Nd6+ Kd8
21.Rab1 b6 22.Nf7+ Kc8 23.Rb3 Bg7 24.c4 Nbc6 25.cxd5 Qxd5 26.Qa6+ Kd7 27.Qb7+
Ke6 28.Ng5+ Kf5 29.Bc1+ Kg4 30.Rg3+ Kh5 31.Qc7 $2 $10 ( 31.Qa6 $18 ) 31...Be5
32.Rh3+ Kg4 33.Rf4+ Kxg5 34.Rd4+ $2 $19 ( 34.Rf8+ $10 ) 34...Kf6 35.Bg5+ Ke6
36.Re3 Rxh2+ 37.Kg1 Qxg2# 0-1

[Event "Rentrée CEH 2018 (Open)"]
[Site "Gatineau"]
[Date "2018.09.18"]
[Round "2"]
[White "Jobin Gilles G."]
[Black "Desjardins Michel"]
[Result "0-1"]
[BlackElo "1974"]
[EventCountry "CAN"]
[EventDate "2018.09.18"]
[EventRounds "1"]
[EventType "tourn"]
[SourceTitle "Opening Tree 2017.ctg"]
[WhiteElo "1843"]

1.e4 d5 2.Nc3 d4 3.Nce2 e5 4.Ng3 Nf6 5.Bc4 Bd6 6.d3 a6 7.a4 h6 8.N1e2 Nc6
9.O-O g5 10.Bd2 Ne7 11.c3 c5 12.Qb3 O-O 13.h4 Nh7 14.hxg5 hxg5 15.Nh5 Ng6
16.Neg3 Nf4 17.Nxf4 gxf4 18.Nf5 Bxf5 19.exf5 Rb8 20.g4 Qh4 21.Qd1 Ng5 22.Bd5
f3 23.Bxf3 e4 0-1

[Event "Rentrée CEH 2018 (Open)"]
[Site "Gatineau"]
[Date "2018.09.18"]
[Round "2"]
[White "Akrib Fouad"]
[Black "Lavergne Daniel"]
[Result "1-0"]
[BlackElo "1637"]
[EventCountry "CAN"]
[EventDate "2018.09.18"]
[EventRounds "1"]
[EventType "tourn"]
[SourceTitle "Opening Tree 2017.ctg"]
[WhiteElo "1901"]

1.e4 c5 2.Nf3 d6 3.g3 Nc6 4.Bg2 g6 5.O-O Bg7 6.d3 e5 7.c3 Nge7 8.Na3 O-O
9.Bg5 h6 10.Be3 Be6 11.Qd2 Kh7 12.d4 cxd4 13.cxd4 d5 14.dxe5 dxe4 15.Nd4 Nxd4
16.Qxd4 Nc6 17.Qxe4 Bxe5 18.Nc4 Bg7 19.Rfd1 Qe7 20.Nd6 Be5 21.Nxb7 Qxb7
22.Qxe5 $1 1-0

[Event "Rentrée CEH 2018 (Open)"]
[Site "Gatineau"]
[Date "2018.09.18"]
[Round "2"]
[White "Bastien Andre"]
[Black "Cayen Jean-Philippe"]
[Result "1-0"]
[BlackElo "1447"]
[EventCountry "CAN"]
[EventDate "2018.09.18"]
[EventRounds "1"]
[EventType "tourn"]
[SourceTitle "Opening Tree 2017.ctg"]
[WhiteElo "1857"]

1.d4 g6 2.Nf3 e6 3.e4 Bg7 4.Be2 d6 5.O-O Ne7 6.Bg5 O-O 7.Qd2 a6 8.c4 b6 9.Nc3
Bb7 10.Rad1 Qd7 11.b4 Nbc6 12.a3 Rfe8 13.Qc1 Rac8 14.c5 Ra8 15.d5 Ne5 16.Nxe5
Bxe5 17.c6 Bxc6 18.dxc6 Qxc6 19.Rd3 Bxc3 20.Rxc3 Qxe4 21.Bf3 1-0